| 000 | 00371nam a22001337a 4500 | ||
|---|---|---|---|
| 080 | _a342 J 564 | ||
| 245 |
_aEl Derecho Constitucional del Siglo XXI _ba una decada de la Reforma Constitucional |
||
| 300 | _a332 P. | ||
| 650 | _xderecho constitucional | ||
| 700 | _aJimenez, Eduardo Pablo | ||
| 700 | _aGarcia Minella, Gabriela | ||
| 942 | _6_ | ||
| 945 |
_acd _d2015-05-21 |
||
| 999 |
_c3909 _d234413 |
||